[Event "Oberfranken-ch"]
[Site "Kronach"]
[Date "2023.11.02"]
[Round "2"]
[White "Koppe, Sven"]
[Black "Baumgaertner, Frank"]
[Result "0-1"]
[WhiteElo "1402"]
[BlackElo "1782"]
[PlyCount "100"]
[EventDate "2023.11.02"]
[EventType "swiss"]
[EventRounds "7"]
[EventCountry "GER"]
[SourceTitle "CB46_2023"]
[SourceDate "2023.11.15"]
[SourceVersion "1"]
[SourceVersionDate "2023.11.15"]
[SourceQuality "1"]

1. e4 c5 2. Nc3 Nc6 3. Nf3 d6 4. Bb5 Bd7 5. d4 cxd4 6. Nxd4 Nf6 7. Be3 g6 8. 0-0 Bg7 9. Rb1 0-0 10. Nxc6 bxc6 11. Bd3 Ng4 12. Ne2 Nxe3 13. fxe3 Bg4 14. Qd2 Bxe2 15. Qxe2 Rb8 16. b3 Qb6 17. Rf3 Rb7 18. Rbf1 e6 19. Kh1 Re7 20. Qd2 d5 21. exd5 cxd5 22. e4 dxe4 23. Bxe4 Qd4 24. Qxd4 Bxd4 25. Rd3 Bb6 26. c4 f5 27. Bc6 e5 28. Re1 e4 29. Rd7 Rxd7 30. Bxd7 Rd8 31. Be6+ Kg7 32. Bd5 Kf6 33. g3 Ke5 34. Kg2 Bc5 35. g4 a5 36. Re2 e3 37. Kf3 fxg4+ 38. Kxg4 Rf8 39. Bf3 Kd4 40. Kg3 Bd6+ 41. Kg2 Bxh2 42. Kxh2 Rxf3 43. Kg2 Rf5 44. a3 Kd3 45. Re1 Kd2 46. Rb1 e2 47. Rb2+ Ke3 48. Rb1 Rg5+ 49. Kh3 Kf2 50. Rb2 Kf1 0-1

[Event "Oberfranken-ch"]
[Site "Kronach"]
[Date "2023.02.26"]
[Round "7"]
[White "Geisensetter, Franz"]
[Black "Baumgaertner, Frank"]
[Result "0-1"]
[WhiteElo "1972"]
[BlackElo "1801"]
[PlyCount "118"]
[EventDate "2023.02.23"]
[EventType "swiss"]
[EventRounds "7"]
[EventCountry "GER"]
[SourceTitle "EXT 2024"]
[Source "ChessBase"]
[SourceDate "2023.10.10"]
[SourceVersion "1"]
[SourceVersionDate "2023.10.10"]
[SourceQuality "1"]

1. e4 e5 2. Nf3 Nf6 3. d4 exd4 4. Bc4 d6 5. Nxd4 Nxe4 6. Bb3 c5 7. Ne2 Bg4 8. 0-0 Nf6 9. f3 Bd7 10. c4 Be7 11. Nbc3 0-0 12. Be3 a6 13. a4 Nc6 14. Bf4 Qb6 15. Bc2 Nd4 16. Nxd4 cxd4 17. a5 Qa7 18. Kh1 dxc3 19. b3 Qc5 20. Qd3 g6 21. Be3 Qc6 22. Bd4 Ne8 23. Qxc3 f6 24. h4 Ng7 25. b4 Rac8 26. Bb3 Be6 27. Rac1 Nh5 28. Rf2 Bf7 29. g4 Nf4 30. Be3 Ne6 31. Qd3 Ng7 32. Rfc2 Qe8 33. Bf4 Ne6 34. Bg3 Ng7 35. Qd1 h5 36. gxh5 Nxh5 37. Bf2 Bd8 38. Qxd6 Bc7 39. Qd3 Qe6 40. Qf1 Qe5 41. Be1 Ng3+ 42. Bxg3 Qxg3 43. Qg2 Qxh4+ 44. Kg1 Qg3 45. Qxg3 Bxg3 46. Kg2 Bf4 47. Rh1 Kg7 48. Ba2 Rh8 49. Rxh8 Rxh8 50. Kg1 Rd8 51. b5 Rd1+ 52. Kf2 Rd2+ 53. Rxd2 Bxd2 54. c5 Bxa5 55. Bxf7 Kxf7 56. b6 Ke7 57. Ke3 Kd7 58. Kd4 Kc6 59. Kc4 Bd2 0-1

[Event "Oberfranken-ch"]
[Site "Kronach"]
[Date "2023.02.23"]
[Round "1"]
[White "Baumgaertner, Frank"]
[Black "Wunder, Horst"]
[Result "0-1"]
[WhiteElo "1801"]
[BlackElo "2112"]
[PlyCount "90"]
[EventDate "2023.02.23"]
[EventType "swiss"]
[EventRounds "7"]
[EventCountry "GER"]
[SourceTitle "CBM 213 Extra"]
[Source "ChessBase"]
[SourceDate "2023.05.31"]
[SourceVersion "1"]
[SourceVersionDate "2023.05.31"]
[SourceQuality "1"]

1. d4 b6 2. Nf3 Bb7 3. c3 e6 4. Nbd2 Ne7 5. e4 g6 6. Be2 Bg7 7. 0-0 d6 8. Ne1 0-0 9. Bf3 Nd7 10. Nc2 c5 11. Re1 Qc7 12. Nf1 Rac8 13. Be3 Rfd8 14. Qe2 cxd4 15. Nxd4 Ne5 16. Ng3 d5 17. exd5 Nxf3+ 18. Nxf3 Rxd5 19. Bd4 Rcd8 20. Bxg7 Kxg7 21. Rad1 Qd6 22. Rxd5 Qxd5 23. h4 h5 24. Qe4 Qxe4 25. Nxe4 f6 26. Ned2 e5 27. Ne4 Kf7 28. Re2 Rd3 29. Neg5+ Ke8 30. Ne4 Kf7 31. Neg5+ Kg7 32. Ne4 Nd5 33. Rd2 Nf4 34. Rxd3 Nxd3 35. Nfd2 Nxb2 36. Nd6 Ba6 37. N2e4 f5 38. Ng5 Kf6 39. Ne8+ Ke7 40. Nc7 Bc4 41. a4 Nxa4 42. Nf3 Nxc3 43. Nxe5 Bf7 44. Na6 Be8 45. f4 Ne2+ 0-1

[Event "Mittelfrank Regionalliga Nord-West 2122"]
[Site "Mittelfranken"]
[Date "2022.05.15"]
[Round "5.7"]
[White "Treibel, Michael"]
[Black "Baumgaertner, Frank"]
[Result "1-0"]
[WhiteElo "1826"]
[BlackElo "1723"]
[PlyCount "37"]
[EventDate "2021.10.24"]
[EventType "team-tourn"]
[EventRounds "9"]
[EventCountry "GER"]
[SourceTitle "EXT 2024"]
[Source "ChessBase"]
[SourceDate "2023.10.10"]
[SourceVersion "1"]
[SourceVersionDate "2023.10.10"]
[SourceQuality "1"]
[WhiteTeam "Bad Neustadt"]
[BlackTeam "Kronach"]
[WhiteTeamCountry "GER"]
[BlackTeamCountry "GER"]

1. d4 d5 2. Nf3 Nf6 3. h3 c6 4. c3 Nbd7 5. Bf4 e6 6. Nbd2 Be7 7. e3 0-0 8. Bd3 h6 9. g4 Re8 10. Rg1 Kf8 11. g5 hxg5 12. Nxg5 c5 13. Bg6 Qb6 14. Bxf7 Rd8 15. Bg6 cxd4 16. exd4 Nb8 17. Qc2 Bd7 18. Bf7 Na6 19. Qg6 1-0

[Event "Oberfranken-ch"]
[Site "Schney"]
[Date "2020.01.05"]
[Round "5"]
[White "Baumgaertner, Frank"]
[Black "Kuespert, Helmut"]
[Result "1/2-1/2"]
[WhiteElo "1758"]
[BlackElo "1924"]
[PlyCount "33"]
[EventDate "2020.01.03"]
[EventType "swiss"]
[EventRounds "7"]
[EventCountry "GER"]
[SourceTitle "CBM 194 Extra"]
[Source "ChessBase"]
[SourceDate "2020.03.31"]
[SourceVersion "1"]
[SourceVersionDate "2020.03.31"]
[SourceQuality "1"]

1. d4 Nf6 2. Bf4 d6 3. Nc3 b6 4. e4 Bb7 5. f3 e6 6. Bd3 Nbd7 7. Nge2 a6 8. Qd2 c5 9. Be3 Qc7 10. Ng3 b5 11. Nd1 h5 12. c3 g6 13. Nf2 Bg7 14. Ne2 e5 15. Rc1 d5 16. Bb1 Rc8 17. b3 1/2-1/2

[Event "Oberfranken-ch"]
[Site "Schney"]
[Date "2020.01.05"]
[Round "6"]
[White "Herpich, Nico"]
[Black "Baumgaertner, Frank"]
[Result "1-0"]
[WhiteElo "1734"]
[BlackElo "1758"]
[PlyCount "59"]
[EventDate "2020.01.03"]
[EventType "swiss"]
[EventRounds "7"]
[EventCountry "GER"]
[SourceTitle "CBM 194 Extra"]
[Source "ChessBase"]
[SourceDate "2020.03.31"]
[SourceVersion "1"]
[SourceVersionDate "2020.03.31"]
[SourceQuality "1"]

1. c4 c5 2. g3 Nc6 3. Bg2 Nf6 4. Nc3 g6 5. e4 Bg7 6. Nge2 d6 7. 0-0 0-0 8. d3 Bd7 9. h3 Qc8 10. Kh2 a6 11. Be3 h6 12. Qd2 Kh7 13. f4 e6 14. e5 dxe5 15. Bxc5 Rh8 16. fxe5 Nxe5 17. Bd4 Qc7 18. Qf4 Nh5 19. Bxe5 Qa5 20. Qd4 Bxe5 21. Qxd7 Bg7 22. Rxf7 Rad8 23. Qxb7 Rxd3 24. Ne4 Rg8 25. Raf1 Qe5 26. Nf4 Rb8 27. Rxg7+ Nxg7 28. Qxb8 Qxb8 29. Nf6+ Kh8 30. Nxg6# 1-0

[Event "Oberfranken-ch"]
[Site "Schney"]
[Date "2019.01.04"]
[Round "3"]
[White "Baumgaertner, Frank"]
[Black "Kuhlemann, Claus"]
[Result "0-1"]
[WhiteElo "1801"]
[BlackElo "1783"]
[PlyCount "111"]
[EventDate "2019.01.03"]
[EventType "swiss"]
[EventRounds "7"]
[EventCountry "GER"]
[SourceTitle "CBM 188 Extra"]
[Source "ChessBase"]
[SourceDate "2019.02.26"]
[SourceVersion "1"]
[SourceVersionDate "2019.02.26"]
[SourceQuality "1"]

1. d4 b6 2. e4 Bb7 3. Nc3 e6 4. a3 Nf6 5. Bd3 c5 6. Nf3 cxd4 7. Nxd4 Nc6 8. Nf3 d5 9. exd5 Nxd5 10. Bd2 Be7 11. 0-0 Bf6 12. Qe1 Nxc3 13. Bxc3 Bxc3 14. Qxc3 0-0 15. Rad1 Qe7 16. Bb5 Rac8 17. Qe3 Rfd8 18. c3 Rd6 19. Qe2 Rcd8 20. Ba4 Rxd1 21. Rxd1 Rxd1+ 22. Qxd1 Qc7 23. Bxc6 Bxc6 24. Nd4 Qd7 25. Qe2 Bb7 26. Qe5 Qc8 27. f3 Bd5 28. Qd6 f6 29. h3 Kf7 30. Kh2 Qf8 31. Qxf8+ Kxf8 32. f4 Ke7 33. Kg3 a6 34. Kf2 Kd6 35. g3 b5 36. Ke3 g6 37. Nc2 e5 38. fxe5+ fxe5 39. Ne1 Kc5 40. Nd3+ Kc4 41. Nxe5+ Kb3 42. Nd3 a5 43. Kd4 Bc4 44. Ne5 Bf1 45. a4 Kxa4 46. c4 Kb3 47. c5 Kxb2 48. c6 Bxh3 49. g4 Bg2 50. Kc5 a4 51. Nd3+ Kc3 52. Nb4 Bxc6 53. Nxc6 h5 54. gxh5 gxh5 55. Kxb5 a3 56. Nb4 0-1

[Event "Oberfranken-ch"]
[Site "Schney"]
[Date "2019.01.04"]
[Round "4"]
[White "Schulz, Horst"]
[Black "Baumgaertner, Frank"]
[Result "1/2-1/2"]
[WhiteElo "1750"]
[BlackElo "1801"]
[PlyCount "121"]
[EventDate "2019.01.03"]
[EventType "swiss"]
[EventRounds "7"]
[EventCountry "GER"]
[SourceTitle "CBM 188 Extra"]
[Source "ChessBase"]
[SourceDate "2019.02.26"]
[SourceVersion "1"]
[SourceVersionDate "2019.02.26"]
[SourceQuality "1"]

1. d4 Nf6 2. e3 d6 3. c4 g6 4. Nc3 Bg7 5. Nf3 0-0 6. Be2 Nbd7 7. 0-0 e5 8. d5 a5 9. Na4 Qe7 10. Re1 Ne4 11. Nd2 Nec5 12. Nxc5 Nxc5 13. e4 f5 14. f3 Bd7 15. Qc2 f4 16. b3 b6 17. a4 Qh4 18. Ba3 g5 19. Bxc5 bxc5 20. Qd1 Rf6 21. Nf1 Rg6 22. g4 fxg3 23. hxg3 Qh6 24. g4 Rf6 25. Qd2 Qg6 26. Ng3 h6 27. Kg2 Rff8 28. Rh1 Rfb8 29. Qe3 Rb4 30. Raf1 Rab8 31. Bd1 Qf7 32. Rh3 Rf8 33. Rf2 Qg6 34. Kg1 Kf7 35. Ne2 Ke7 36. Nc1 Rbb8 37. Nd3 Ra8 38. Rd2 Rh8 39. Rdh2 Qf6 40. Kg2 Be8 41. Rh1 Bg6 42. Bc2 Kd7 43. R1h2 Rae8 44. Qd2 Ra8 45. Nc1 Rhf8 46. Nd3 Rh8 47. Qe3 Raf8 48. Rh1 Bf7 49. Nc1 Bg6 50. Na2 Ra8 51. Nc3 Bf7 52. Ne2 Bg6 53. Qd2 Rhf8 54. Qd3 Rh8 55. Ng3 Raf8 56. Bd1 Ra8 57. Qe2 Raf8 58. Qe1 Ra8 59. R1h2 Qf7 60. Qh1 Qf8 61. Qe1 1/2-1/2

[Event "Oberfranken-ch"]
[Site "Schney"]
[Date "2019.01.03"]
[Round "2"]
[White "Bauschke, Norman"]
[Black "Baumgaertner, Frank"]
[Result "1/2-1/2"]
[WhiteElo "1635"]
[BlackElo "1801"]
[PlyCount "65"]
[EventDate "2019.01.03"]
[EventType "swiss"]
[EventRounds "7"]
[EventCountry "GER"]
[SourceTitle "CBM 188 Extra"]
[Source "ChessBase"]
[SourceDate "2019.02.26"]
[SourceVersion "1"]
[SourceVersionDate "2019.02.26"]
[SourceQuality "1"]

1. d4 Nf6 2. c4 d6 3. Nf3 g6 4. Nc3 Bg7 5. e4 0-0 6. h3 Nc6 7. a3 Bd7 8. Bd3 e5 9. d5 Ne7 10. 0-0 Ne8 11. Bg5 f5 12. exf5 gxf5 13. Bc2 Nf6 14. Re1 Qe8 15. Qd2 Qh5 16. Bd1 Qf7 17. Rc1 b6 18. b4 Ng6 19. Bb3 Kh8 20. c5 bxc5 21. bxc5 Rae8 22. c6 Bc8 23. Qe3 a6 24. Rcd1 f4 25. Qe2 e4 26. Bxf6 exf3 27. Bxg7+ Qxg7 28. Qxf3 Ne5 29. Qh5 f3 30. g3 Bf5 31. Ne4 Bg6 32. Qg5 Rf5 33. Qc1 1/2-1/2

[Event "Oberfranken-ch"]
[Site "Schney"]
[Date "2017.01.05"]
[Round "5"]
[White "Koch, Christian1111"]
[Black "Baumgaertner, Frank"]
[Result "0-1"]
[WhiteElo "1940"]
[BlackElo "1747"]
[PlyCount "50"]
[EventDate "2017.01.03"]
[EventType "swiss"]
[EventRounds "7"]
[EventCountry "GER"]
[SourceTitle "CBM 176 Extra"]
[Source "ChessBase"]
[SourceDate "2017.03.02"]
[SourceVersion "1"]
[SourceVersionDate "2017.03.02"]
[SourceQuality "1"]

1. e4 e5 2. f4 exf4 3. Nf3 g5 4. Nc3 Bg7 5. Bc4 d6 6. d4 c6 7. 0-0 h6 8. g3 g4 9. Bxf4 gxf3 10. Qxf3 Bxd4+ 11. Kh1 Nf6 12. e5 Bg4 13. Qd3 dxe5 14. Rae1 Qe7 15. Ne4 Nxe4 16. Qxe4 f5 17. Qd3 Nd7 18. c3 Bb6 19. b4 0-0-0 20. Qc2 Qd6 21. Rd1 Qc7 22. Bd2 Nf6 23. Be6+ Kb8 24. Bxf5 Bxd1 25. Rxd1 Qd6 0-1

[Event "Oberfranken-ch"]
[Site "Schney"]
[Date "2017.01.03"]
[Round "2"]
[White "Baumgaertner, Frank"]
[Black "Schulz, Horst"]
[Result "1/2-1/2"]
[WhiteElo "1747"]
[BlackElo "1745"]
[PlyCount "44"]
[EventDate "2017.01.03"]
[EventType "swiss"]
[EventRounds "7"]
[EventCountry "GER"]
[SourceTitle "CBM 176 Extra"]
[Source "ChessBase"]
[SourceDate "2017.03.02"]
[SourceVersion "1"]
[SourceVersionDate "2017.03.02"]
[SourceQuality "1"]

1. d4 d5 2. Nf3 Nf6 3. e3 g6 4. Bd3 Bg7 5. h3 0-0 6. Nc3 Re8 7. 0-0 Nbd7 8. e4 dxe4 9. Nxe4 c6 10. c3 Qc7 11. Ng3 e5 12. Re1 exd4 13. Rxe8+ Nxe8 14. cxd4 Nb6 15. Qc2 Be6 16. Bd2 Rd8 17. Ne2 Qd7 18. Bc3 Nd5 19. Ng5 Nxc3 20. bxc3 Nc7 21. Nf4 Bh6 22. Nfxe6 Nxe6 1/2-1/2

[Event "Regionalliga NW 1617"]
[Site "Bayern"]
[Date "2016.12.04"]
[Round "3.8"]
[White "Kuehn, Alexander1111"]
[Black "Baumgaertner, Frank"]
[Result "1/2-1/2"]
[WhiteElo "1769"]
[BlackElo "1746"]
[PlyCount "71"]
[EventDate "2016.10.16"]
[EventType "team-tourn"]
[EventRounds "9"]
[EventCountry "GER"]
[SourceTitle "EXT 2019"]
[Source "ChessBase"]
[SourceDate "2018.10.10"]
[SourceVersion "1"]
[SourceVersionDate "2018.10.10"]
[SourceQuality "1"]
[WhiteTeam "Rottendorf"]
[BlackTeam "Kronach"]
[WhiteTeamCountry "GER"]
[BlackTeamCountry "GER"]

1. e4 e5 2. Nf3 Nc6 3. Bb5 a6 4. Ba4 Nf6 5. 0-0 Be7 6. Re1 b5 7. Bb3 d6 8. h3 Na5 9. c3 Nxb3 10. Qxb3 Be6 11. Qc2 c5 12. d4 cxd4 13. cxd4 Rc8 14. Qd1 Qc7 15. Nc3 0-0 16. Bd2 Rfd8 17. Rc1 Qb8 18. d5 Bd7 19. a3 h6 20. Na2 Rxc1 21. Qxc1 Rc8 22. Qb1 Rc4 23. Bb4 Bf8 24. Nd2 Rc8 25. Ba5 Nh5 26. Nb4 Qa7 27. Rc1 Nf4 28. Rxc8 Bxc8 29. Qc2 Bxh3 30. gxh3 Nxh3+ 31. Kg2 Nxf2 32. Nc6 Qe3 33. Nf1 Ng4 34. Nh2 Nf6 35. Nf1 Ng4 36. Nh2 1/2-1/2

[Event "Regionalliga NW 1516"]
[Site "Bayern"]
[Date "2016.03.13"]
[Round "8.8"]
[White "Schulz, Horst"]
[Black "Baumgaertner, Frank"]
[Result "1/2-1/2"]
[WhiteElo "1643"]
[BlackElo "1715"]
[PlyCount "41"]
[EventDate "2015.10.11"]
[EventType "team-tourn"]
[EventRounds "9"]
[EventCountry "GER"]
[SourceTitle "EXT 2018"]
[Source "ChessBase"]
[SourceDate "2017.10.13"]
[SourceVersion "1"]
[SourceVersionDate "2017.10.13"]
[SourceQuality "1"]
[WhiteTeam "Hoechstadt/Aisch"]
[BlackTeam "Kronach"]
[WhiteTeamCountry "GER"]
[BlackTeamCountry "GER"]

1. d4 d5 2. e3 Nf6 3. Bd3 Nbd7 4. f4 e6 5. Nf3 Bd6 6. 0-0 Ne4 7. Ne5 Ndf6 8. Nd2 Qe7 9. Qf3 Nxd2 10. Bxd2 g6 11. Be1 Nh5 12. Bd2 Bd7 13. Rae1 f5 14. a3 Nf6 15. Rd1 0-0-0 16. Qe2 Qg7 17. b4 h6 18. c4 g5 19. c5 Bxe5 20. fxe5 Ne4 21. b5 1/2-1/2

[Event "Oberfranken-ch"]
[Site "Schney"]
[Date "2016.01.07"]
[Round "7"]
[White "Baumgaertner, Frank"]
[Black "Sesselmann, Moritz"]
[Result "1/2-1/2"]
[WhiteElo "1818"]
[BlackElo "1338"]
[PlyCount "35"]
[EventDate "2016.01.03"]
[EventType "swiss"]
[EventRounds "7"]
[EventCountry "GER"]
[SourceTitle "CBM 170 Extra"]
[Source "ChessBase"]
[SourceDate "2016.02.25"]
[SourceVersion "1"]
[SourceVersionDate "2016.02.25"]
[SourceQuality "1"]

1. d4 d5 2. Nf3 e6 3. e3 Nf6 4. Bd3 Be7 5. Nbd2 0-0 6. b3 b6 7. Bb2 Ba6 8. Qe2 Bxd3 9. Qxd3 Nbd7 10. 0-0 c5 11. Rfd1 cxd4 12. exd4 Qc7 13. Rac1 Rac8 14. c4 Qf4 15. Re1 Bb4 16. Re2 Bxd2 17. Nxd2 Rfd8 18. Qe3 1/2-1/2

[Event "Oberfranken-ch"]
[Site "Schney"]
[Date "2016.01.04"]
[Round "4"]
[White "Seigert, Frank"]
[Black "Baumgaertner, Frank"]
[Result "1/2-1/2"]
[WhiteElo "1952"]
[BlackElo "1818"]
[PlyCount "26"]
[EventDate "2016.01.03"]
[EventType "swiss"]
[EventRounds "7"]
[EventCountry "GER"]
[SourceTitle "CBM 170 Extra"]
[Source "ChessBase"]
[SourceDate "2016.02.25"]
[SourceVersion "1"]
[SourceVersionDate "2016.02.25"]
[SourceQuality "1"]

1. d4 d5 2. c4 e6 3. Nc3 Nf6 4. Bg5 Be7 5. e3 Nbd7 6. Nf3 0-0 7. Bd3 c6 8. 0-0 dxc4 9. Bxc4 Nd5 10. Bxe7 Qxe7 11. e4 Nxc3 12. bxc3 e5 13. Re1 Kh8 1/2-1/2

[Event "Oberfranken-ch"]
[Site "Schney"]
[Date "2016.01.03"]
[Round "2"]
[White "Lojak, Benjamin"]
[Black "Baumgaertner, Frank"]
[Result "1/2-1/2"]
[WhiteElo "1297"]
[BlackElo "1818"]
[PlyCount "77"]
[EventDate "2016.01.03"]
[EventType "swiss"]
[EventRounds "7"]
[EventCountry "GER"]
[SourceTitle "CBM 170 Extra"]
[Source "ChessBase"]
[SourceDate "2016.02.25"]
[SourceVersion "1"]
[SourceVersionDate "2016.02.25"]
[SourceQuality "1"]

1. d4 d5 2. c4 e6 3. Nf3 Nf6 4. g3 Nbd7 5. Bg2 Be7 6. 0-0 0-0 7. Nc3 c6 8. Nd2 Re8 9. e4 dxe4 10. Ndxe4 Nxe4 11. Nxe4 Nf6 12. Bf4 Qb6 13. b3 Rd8 14. Be3 Nxe4 15. Bxe4 Qc7 16. Qc2 g6 17. Rad1 Bd7 18. Rd3 e5 19. Qe2 Bh3 20. Rfd1 f5 21. Bh1 e4 22. R3d2 Re8 23. f3 exf3 24. Bxf3 Bg5 25. Rd3 f4 26. gxf4 Bxf4 27. Qd2 Bd6 28. d5 c5 29. Bh6 Re7 30. Qf2 Rae8 31. R3d2 Bf5 32. Qh4 Rf7 33. Bg4 Qd7 34. Bxf5 Rxf5 35. Qh3 Qf7 36. Rf1 Ree5 37. Rb1 Re4 38. Rc2 Qf6 39. Rf1 1/2-1/2

[Event "Oberfranken-ch"]
[Site "Schney"]
[Date "2015.01.04"]
[Round "4"]
[White "Baumgaertner, Frank"]
[Black "Kuhlemann, Claus"]
[Result "1/2-1/2"]
[WhiteElo "1839"]
[BlackElo "1784"]
[PlyCount "48"]
[EventDate "2015.01.03"]
[EventType "swiss"]
[EventRounds "7"]
[EventCountry "GER"]
[SourceTitle "CBM 164 Extra"]
[Source "ChessBase"]
[SourceDate "2015.03.02"]
[SourceVersion "1"]
[SourceVersionDate "2015.03.02"]
[SourceQuality "1"]

1. d4 Nf6 2. Nf3 e6 3. e3 b6 4. Bd3 Bb7 5. Nbd2 Be7 6. e4 d6 7. 0-0 Nbd7 8. Re1 e5 9. c3 0-0 10. Nf1 Rc8 11. Ng3 c5 12. d5 g6 13. c4 Re8 14. h3 Bf8 15. Be3 Bg7 16. Qd2 Kh8 17. Ng5 Rf8 18. Nf3 Ng8 19. Qc1 Rb8 20. Rb1 Ba6 21. Qc2 b5 22. b3 b4 23. Bd2 Bb7 24. Be3 a5 1/2-1/2

[Event "Oberfranken-ch"]
[Site "Schney"]
[Date "2015.01.03"]
[Round "1"]
[White "Baumgaertner, Frank"]
[Black "Hornung, Wolfgang"]
[Result "1/2-1/2"]
[WhiteElo "1839"]
[BlackElo "1658"]
[PlyCount "47"]
[EventDate "2015.01.03"]
[EventType "swiss"]
[EventRounds "7"]
[EventCountry "GER"]
[SourceTitle "CBM 164 Extra"]
[Source "ChessBase"]
[SourceDate "2015.03.02"]
[SourceVersion "1"]
[SourceVersionDate "2015.03.02"]
[SourceQuality "1"]

1. d4 Nf6 2. Nf3 d5 3. Nbd2 Bf5 4. e3 e6 5. a3 Nbd7 6. b3 Bd6 7. Bb2 c6 8. Be2 h6 9. 0-0 Rc8 10. c4 0-0 11. b4 Qe7 12. Ne5 Bb8 13. f4 Ne4 14. Nxe4 Bxe4 15. Bd3 Nf6 16. Rc1 Bxd3 17. Nxd3 Ne4 18. Nf2 f5 19. Qe2 Rf6 20. Nxe4 fxe4 21. cxd5 exd5 22. Bc3 Rcf8 23. Be1 Bd6 24. Bg3 1/2-1/2

[Event "Oberfranken-ch 1213"]
[Site "Schney"]
[Date "2013.01.06"]
[Round "7"]
[White "Baumgaertner, Frank"]
[Black "Brueckner, Klaus"]
[Result "1/2-1/2"]
[WhiteElo "1762"]
[BlackElo "1843"]
[PlyCount "25"]
[EventDate "2013.01.03"]
[EventType "swiss"]
[EventRounds "7"]
[EventCountry "GER"]
[SourceTitle "EXT 2015"]
[Source "ChessBase"]
[SourceDate "2014.11.20"]
[SourceVersion "1"]
[SourceVersionDate "2014.11.20"]
[SourceQuality "1"]

1. d4 Nf6 2. Nf3 d5 3. e3 Bg4 4. Nbd2 e6 5. Bd3 c5 6. b3 Nc6 7. Bb2 Be7 8. 0-0 0-0 9. Ba3 Nd7 10. Qe1 f5 11. Ne5 Ndxe5 12. dxe5 Qb6 13. Rb1 1/2-1/2

[Event "Oberfranken-ch 1213"]
[Site "Schney"]
[Date "2013.01.05"]
[Round "6"]
[White "Schwarzmann, Holger"]
[Black "Baumgaertner, Frank"]
[Result "1/2-1/2"]
[WhiteElo "1812"]
[BlackElo "1762"]
[PlyCount "34"]
[EventDate "2013.01.03"]
[EventType "swiss"]
[EventRounds "7"]
[EventCountry "GER"]
[SourceTitle "EXT 2015"]
[Source "ChessBase"]
[SourceDate "2014.11.20"]
[SourceVersion "1"]
[SourceVersionDate "2014.11.20"]
[SourceQuality "1"]

1. b4 e5 2. Bb2 Bxb4 3. Bxe5 Nf6 4. e3 d5 5. Nf3 Nbd7 6. Bb2 Qe7 7. Be2 0-0 8. 0-0 Re8 9. d3 c6 10. Nbd2 Ba3 11. Qc1 Bxb2 12. Qxb2 Nf8 13. Rab1 Rb8 14. Nd4 Bg4 15. Bxg4 Nxg4 16. Nf5 Qg5 17. Nd4 Ne6 1/2-1/2

[Event "Oberfranken-ch 1213"]
[Site "Schney"]
[Date "2013.01.04"]
[Round "4"]
[White "Baumgaertner, Frank"]
[Black "Guether, Jens"]
[Result "0-1"]
[WhiteElo "1762"]
[BlackElo "1889"]
[PlyCount "66"]
[EventDate "2013.01.03"]
[EventType "swiss"]
[EventRounds "7"]
[EventCountry "GER"]
[SourceTitle "EXT 2015"]
[Source "ChessBase"]
[SourceDate "2014.11.20"]
[SourceVersion "1"]
[SourceVersionDate "2014.11.20"]
[SourceQuality "1"]

1. d4 d5 2. Nf3 Bf5 3. e3 e6 4. Bd3 Bxd3 5. Qxd3 a6 6. b3 Nf6 7. Nbd2 Bd6 8. Bb2 0-0 9. Ne5 Nbd7 10. f4 c6 11. 0-0 Bxe5 12. fxe5 Ng4 13. Nf3 f5 14. Bc1 Rc8 15. h3 Nh6 16. c4 b5 17. c5 Qe8 18. Qe2 Qh5 19. Rf2 g5 20. Bd2 g4 21. Nh2 Qg6 22. hxg4 fxg4 23. Rxf8+ Rxf8 24. Rf1 g3 25. Rxf8+ Nxf8 26. Nf1 Nf5 27. Qf3 h5 28. Be1 h4 29. a4 Nh7 30. axb5 axb5 31. Qf4 Qh5 32. Nd2 Qe2 33. Nf3 Nxe3 0-1

[Event "Oberfranken-ch 1213"]
[Site "Schney"]
[Date "2013.01.03"]
[Round "2"]
[White "Baumgaertner, Frank"]
[Black "Scherbel, Hans"]
[Result "1/2-1/2"]
[WhiteElo "1762"]
[BlackElo "1983"]
[PlyCount "89"]
[EventDate "2013.01.03"]
[EventType "swiss"]
[EventRounds "7"]
[EventCountry "GER"]
[SourceTitle "EXT 2015"]
[Source "ChessBase"]
[SourceDate "2014.11.20"]
[SourceVersion "1"]
[SourceVersionDate "2014.11.20"]
[SourceQuality "1"]

1. d4 e6 2. Nf3 d5 3. e3 Nf6 4. Bd3 c5 5. b3 Nc6 6. a3 Be7 7. Nbd2 0-0 8. Bb2 a6 9. 0-0 b5 10. dxc5 Bxc5 11. Ne5 Nxe5 12. Bxe5 Qe7 13. b4 Bb6 14. Qf3 Nd7 15. Bb2 Bb7 16. Qh5 f5 17. Nf3 g6 18. Qh6 e5 19. Ng5 Rae8 20. Rfe1 Nf6 21. Be2 Bc6 22. Bf3 Qg7 23. Qxg7+ Kxg7 24. Be2 Bc7 25. Nf3 Nd7 26. Nd2 Kf7 27. Nb3 Ke6 28. Rad1 Bb6 29. Bf3 h5 30. Rd2 Nf6 31. Red1 g5 32. g3 g4 33. Bg2 h4 34. gxh4 Rh8 35. Nc1 Rxh4 36. Nd3 Nd7 37. Nc5+ Bxc5 38. bxc5 Nf6 39. a4 Ne4 40. Bxe4 fxe4 41. axb5 axb5 42. Ra1 Kf5 43. Ra6 Re6 44. Rd1 Reh6 45. Rda1 1/2-1/2